[Event "WTCC-50 2018"]
[Site "Radebeul"]
[Date "2018.07.14"]
[Round "8"]
[White "Graf, Alexander"]
[Black "Shabalov, Alexander"]
[Result "0-1"]
[WhiteElo "2561"]
[BlackElo "2570"]
[Annotator "TA"]
[PlyCount "86"]
[EventDate "2018.07.07"]
[EventType "team-tourn"]
[EventCountry "GER"]
[SourceTitle "playchess.com"]
[Source "ChessBase"]
[SourceQuality "1"]

{[%evp 23,86,9,25,16,39,39,45,38,40,23,25,24,21,0,0,0,4,0,3,0,0,0,0,0,10,-44,1,0,-5,8,0,-37,-27,-83,-89,-83,-79,-82,-88,-85,-79,-125,-128,-130,-127,-125,-127,-122,-118,-135,-152,-138,-131,-186,-173,-195,-201,-186,-175,-29978,-29979,-29977,-29974,-29987,-29988]} 1. d4 Nf6 2. c4 g6 3. Nc3 Bg7 4. e4 d6 5. f3 O-O 6. Be3 Nc6 7. Nge2 a6 8. Qd2 Na5 {E83: Königsindisch (Sämisch-Angriff)} 9. Nc1 (9. b3 b5 10. cxb5 axb5 11. Rc1 c6 12. Ng3 h5 13. Bd3 e5 14. Nge2 b4 15. Na4 exd4 16. Bxd4 {0-1 (23) Topalov,V (2760)-Nakamura,H (2779) Saint Louis 2016}) 9... Nd7 10. Nb3 c5 11. Be2 Nxb3 12. axb3 cxd4 {LiveBook: 13 Partien} 13. Bxd4 Nc5 14. Bxg7 Kxg7 15. Ra3 {[#]} Be6 $146 ({Vorgänger:} 15... e5 16. O-O {½-½ (48) Georgescu,T (2375)-Mekhitarian,K (2544) Albena 2013}) 16. Qd4+ f6 17. b4 Nd7 {[%cal Bc5d7,Bd7e5,Be5c6][%mdl 32]} 18. O-O Ne5 19. Nd5 Nc6 20. Qc3 Rc8 21. Kh1 Bf7 22. f4 e6 $36 {[%mdl 2048] Schwarz steht aktiver.} 23. Ne3 e5 24. Nc2 ({Besser ist} 24. Qd2 $11) 24... Qe7 25. Qd2 exf4 26. Rxf4 Qe5 27. b3 ({Doch nicht} 27. Rh4 g5 $17) 27... Be6 28. Ra1 {[#]} (28. Bd3 $11 {bleibt in der Remisbreite.}) 28... Nxb4 $1 $17 {[%mdl 512]} 29. Nd4 (29. Nxb4 Qxa1+) 29... Nc6 30. Nxe6+ Qxe6 31. Rd1 Rcd8 {[%cal Bc8d8,Bd8d7,Bd7e7][%mdl 32]} 32. Rf3 Qxe4 33. Re3 Qf5 34. Bf3 Rd7 35. Bxc6 bxc6 36. Rd3 Rfd8 37. h3 d5 38. Rd4 (38. Qa5 $17) 38... Re7 39. Qa5 Rde8 40. cxd5 Qf2 41. R4d3 $2 {[#]} (41. Kh2 $19 Re2 42. Qc7+ R8e7 43. Qg3) 41... Re1+ {Schwarz setzt Matt.} 42. Rxe1 Rxe1+ 43. Kh2 Qf4+ {Precision: Weiß = 41%, Schwarz = 77%.} 0-1

[Event "WTCC-50 2018"]
[Site "Radebeul"]
[Date "2018.07.14"]
[Round "8"]
[White "Boensch, Uwe"]
[Black "Limpert, Michael"]
[Result "1-0"]
[WhiteElo "2559"]
[BlackElo "2159"]
[Annotator "ChessBase"]
[PlyCount "79"]
[EventDate "2018.07.07"]
[EventType "team-tourn"]
[EventCountry "GER"]
[SourceTitle "playchess.com"]
[Source "ChessBase"]
[SourceQuality "1"]
[TimeControl "40/5400+30:1800+30"]

1. d4 {[%emt 0:00:00]} d5 {[%emt 0:00:00]} 2. c4 {[%emt 0:00:00]} c6 {[%emt 0:00:00]} 3. Nf3 {[%emt 0:00:00]} Nf6 {[%emt 0:00:03]} 4. Nc3 {[%emt 0:00:00]} e6 {[%emt 0:00:08]} 5. e3 {[%emt 0:00:04]} Nbd7 {[%emt 0:00:06]} 6. Bd3 {[%emt 0:00:22]} a6 {[%emt 0:00:16]} 7. b3 {[%emt 0:01:34]} Bd6 {[%emt 0:00:13]} 8. O-O {[%emt 0:00:59]} O-O {[%emt 0:00:52]} 9. Bb2 {[%emt 0:00:54]} b5 {[%emt 0:03:28]} 10. c5 {[%emt 0:08:26]} Bc7 {[%emt 0:00:25]} 11. Qc2 {[%emt 0:00:06]} b4 {[%emt 0:10:46]} 12. Ne2 {[%emt 0:01:39]} a5 {[%emt 0:00:39]} 13. Ne5 {[%emt 0:03:53]} Nxe5 {[%emt 0:04:09]} 14. dxe5 {[%emt 0:00:02]} Ng4 {[%emt 0:00:12]} 15. h3 {[%emt 0:09:21]} Nxe5 {[%emt 0:00:50]} 16. Bxh7+ {[%emt 0:00:10]} Kh8 {[%emt 0:00:07]} 17. f4 {[%emt 0:02:26]} Nd7 {[%emt 0:14:01]} 18. Nd4 {[%emt 0:01:52]} Qh4 {[%emt 0:10:29]} 19. Bd3 {[%emt 0:00:46]} e5 {[%emt 0:03:02]} 20. Nf5 {[%emt 0:05:50]} Qh7 {[%emt 0:09:23]} 21. e4 {[%emt 0:29:35]} dxe4 {[%emt 0:30:38]} 22. Bxe4 {[%emt 0:00:18]} Nxc5 {[%emt 0:00:20]} 23. fxe5 {[%emt 0:04:14]} Nxe4 {[%emt 0:01:49]} 24. Qxe4 {[%emt 0:00:06]} Be6 {[%emt 0:00:58]} 25. Rf4 {[%emt 0:01:23]} g5 {[%emt 0:02:11]} 26. Rf3 {[%emt 0:08:00]} Bd5 {[%emt 0:03:54]} 27. Qg4 {[%emt 0:02:02]} Bxf3 {[%emt 0:00:42]} 28. Qxf3 {[%emt 0:07:34]} Rae8 {[%emt 0:01:56]} 29. e6+ {[%emt 0:06:29]} f6 {[%emt 0:00:12]} 30. Re1 {[%emt 0:00:30]} Bf4 {[%emt 0:01:51]} 31. Qg4 {[%emt 0:02:07]} Qg6 {[%emt 0:01:08]} 32. h4 {[%emt 0:03:02]} Kg8 {[%emt 0:00:37]} 33. e7 {[%emt 0:01:29]} Rf7 {[%emt 0:00:08]} 34. Re6 {[%emt 0:00:09]} Qh7 {[%emt 0:00:51]} 35. g3 {[%emt 0:00:48]} Bxg3 {[%emt 0:00:29]} 36. Bxf6 {[%emt 0:00:49]} Bxh4 {[%emt 0:00:23]} 37. Rd6 {[%emt 0:00:56]} Rxf6 {[%emt 0:00:38]} 38. Rxf6 {[%emt 0:00:13]} Rxe7 {[%emt 0:00:30]} 39. Qc4+ {[%emt 0:00:25]} Rf7 {[%emt 0:00:23]} 40. Rxf7 {[%emt 0:00:18]} 1-0

[Event "WTCC-50 2018"]
[Site "Radebeul"]
[Date "2018.07.14"]
[Round "8"]
[White "Benjamin, Joel"]
[Black "Jussupow, Artur"]
[Result "1-0"]
[WhiteElo "2544"]
[BlackElo "2580"]
[Annotator "TA"]
[PlyCount "133"]
[EventDate "2018.07.07"]
[EventType "team-tourn"]
[EventCountry "GER"]
[SourceTitle "playchess.com"]
[Source "ChessBase"]
[SourceQuality "1"]

{[%evp 18,133,65,65,68,69,60,66,68,56,66,70,146,144,149,119,116,116,112,104,112,91,92,91,122,120,162,153,164,164,195,166,169,177,161,153,229,216,212,224,222,205,228,191,176,189,226,209,210,211,285,272,318,318,319,318,358,222,266,138,116,0,254,246,270,268,380,125,294,259,331,319,312,301,457,482,485,489,483,446,467,460,452,441,570,547,538,528,523,482,475,477,461,466,462,431,431,403,739,724,764,777,761,701,906,887,809,802,1387,1367,29991,4698,5007,5007,2289,2226,1934,1934]} 1. e4 e6 2. d4 d5 3. Nc3 Bb4 4. e5 b6 5. a3 Bf8 6. Nf3 Ne7 7. Bb5+ {C16: French: 3 Nc3 Bb4 4 e5: Lines without ...c5} (7. h4 h6 8. Bf4 Ba6 9. Bxa6 Nxa6 10. Qd3 Nb8 11. b4 Nd7 12. O-O c6 13. h5 a6 14. Ne2 c5 15. dxc5 bxc5 {½-½ (46) Kryvoruchko,Y (2708)-Jussupow,A (2583) Switzerland 2017}) 7... c6 8. Ba4 a5 9. Ne2 Ba6 10. c3 {LiveBook: 4 Games} h6 11. O-O Nd7 12. Re1 g6 $146 ({Predecessor:} 12... Qc7 13. h4 Bxe2 14. Qxe2 b5 15. Bc2 a4 {1-0 (41) Timmermans,I (2200)-Vogel,J (2272) Hoogeveen 2000}) 13. h4 Rc8 14. h5 Bxe2 (14... g5 $1 $14) 15. Qxe2 $16 (15. Rxe2 $6 gxh5 16. Re1 Rg8 $16) 15... gxh5 16. Nh2 Ng6 17. Qxh5 Qh4 18. Qxh4 Nxh4 19. g3 Ng6 20. f4 Be7 21. Bc2 Ndf8 22. Nf3 Kd7 23. Kf2 h5 24. Be3 f5 25. exf6 Bxf6 26. Rh1 Re8 (26... Ne7 $16 27. Rh3 Nf5 28. Ne5+ Ke7) 27. Rh3 $18 Re7 28. Rah1 Reh7 29. Ke2 h4 30. Ne5+ Bxe5 31. fxe5 Rh5 32. g4 R5h7 33. Rf3 h3 34. Bg5 h2 35. Bf6 Rg8 36. Rf2 Rh3 37. Kf1 (37. Rhxh2 Nf4+ 38. Kf1 Rxh2 $16) 37... Rg3 38. Rg2 (38. Rfxh2 Rxg4 39. Rf2 Kc7 $16) ({White should play} 38. Bd1 $18) 38... Rf3+ $16 {[#]} 39. Rf2 (39. Ke1 $1 $16) 39... Rg3 $1 $18 40. Bd1 (40. Rfxh2 Rxg4 41. Bd1 Rg3 $16) 40... Rd3 41. Ke1 c5 (41... Kc7 $142 42. Rhxh2 (42. Rfxh2 c5 $18) 42... c5) 42. Be2 $2 (42. Ba4+ $18 {and the rest is easy.} Kc7 43. Be8 (43. Rfxh2 cxd4 44. Bb5 Re3+ 45. Re2 Nf4 $16)) 42... Rg3 $2 {[#]} (42... Re3 $16 {was worth a try.}) 43. Rhxh2 ({Don't play} 43. Rfxh2 $6 Nf4 $18) 43... Rg1+ 44. Kd2 c4 45. a4 Rb1 (45... Kc6 $142 46. Rh6 Rb1) 46. Kc2 Ra1 47. b3 Ra2+ 48. Kb1 Rxe2 49. Rxe2 Nf4 50. Re1 cxb3 51. g5 Kc6 52. Rf1 N8g6 53. Rhf2 Nh5 54. Kb2 Ng3 55. Ra1 Ne4 56. Rh2 b5 57. Kxb3 Rb8 (57... Kb6 $142 58. axb5 Rc8) 58. axb5+ Kxb5 59. Rha2 Ra8 60. Kc2 Ra7 61. Rb2+ Kc6 62. Rb8 Rh7 63. Rxa5 Rh3 64. Ra6+ (64. Bd8 $142 Rxc3+ 65. Kb2 Rb3+ 66. Kxb3 Nd2+ 67. Kc2 Nxe5 68. Ra6+ Kd7 69. Ra7+ Kd6 70. Rb6+ Nc6 71. Be7#) 64... Kc7 {White is clearly winning.} 65. Rab6 Rxc3+ 66. Kb2 Kd7 67. R6b7+ {Precision: White = 69%, Black = 36%.} 1-0

[Event "WTCC-50 2018"]
[Site "Radebeul"]
[Date "2018.07.14"]
[Round "8"]
[White "Yermolinsky, Alex"]
[Black "Meister, Jakob"]
[Result "1-0"]
[WhiteElo "2505"]
[BlackElo "2432"]
[Annotator "TA"]
[PlyCount "76"]
[EventDate "2018.07.07"]
[EventType "team-tourn"]
[EventCountry "GER"]
[SourceTitle "playchess.com"]
[Source "ChessBase"]
[SourceQuality "1"]

{[%evp 16,76,72,39,72,71,77,29,47,36,54,51,50,61,113,116,102,109,117,107,112,104,130,114,173,181,160,150,208,186,207,177,160,175,405,377,401,379,855,517,516,510,686,685,647,633,629,630,580,593,649,516,546,544,541,519,539,537,481,529,553,515,531]} 1. d4 {ChessBase/Schlage,Willi} d5 2. c4 dxc4 3. Nf3 Nf6 4. e3 e6 5. Bxc4 c5 6. O-O a6 7. Bd3 Nc6 8. Nc3 Qc7 9. Qe2 {LiveBook: 9 Games. D27: Queen's Gambit Accepted: Classical main line: 7 e4!? and 7 a4} Bd6 (9... Be7 10. a3 O-O 11. dxc5 Bxc5 12. b4 Be7 13. Bb2 Bd7 14. Rac1 Rfd8 15. Ne4 Nxe4 16. Bxe4 Qb6 {½-½ (62) Sargissian,G (2676)-Bagaturov,G (2408) Yerevan 2014}) 10. dxc5 Bxc5 11. Bd2 {White is better.} Bd7 $146 ({Predecessor:} 11... O-O 12. Rac1 Be7 13. e4 e5 14. Nd5 Qd8 15. Nxe7+ Qxe7 16. Be3 Re8 {1-0 (46) Ahues,C-Rejfir,J Munich 1936 EXT 2018 [ChessBase/Schlage,Willi]}) 12. Rac1 Bd6 13. Ne4 Nxe4 14. Bxe4 f5 (14... h6 $14) 15. Bc2 $16 O-O 16. Bb3 Rae8 17. Rfd1 Bc8 18. h3 Qe7 19. e4 {[%cal Be3e4,Be4e5][%mdl 32] aiming for Bg5.} f4 (19... Bb8 $16 20. exf5 Rxf5) 20. e5 $18 Bb8 21. Qe4 g5 (21... Qf7 $16 {is a better defense.} 22. Rc4 Rd8) 22. Bc3 Qg7 23. Ba4 Kh8 {[#]} 24. Nd4 $1 ({Much less strong is} 24. Bxc6 bxc6 25. Qxc6 (25. Bb4 c5 $16) 25... Rg8 $16) 24... Ne7 $2 (24... Bd7 25. Nxc6 Bxc6 26. Bxc6 bxc6 27. Qxc6 Qh6) 25. Bxe8 Rxe8 26. Bb4 Ng6 $2 (26... Qg6) 27. Bd6 {White is clearly winning.} Bd7 28. Qxb7 Bxd6 29. exd6 e5 30. Rc7 Nf8 31. Nf5 Qf7 32. Ne7 Qxa2 33. Qd5 Qxd5 34. Rxd5 Kg7 35. Rxe5 Kf6 36. Re1 Rd8 37. Nc6 Bxc6 38. Rxc6 a5 {Precision: White = 72%, Black = 38%.} 1-0

[Event "WTCC-50 2018"]
[Site "Radebeul"]
[Date "2018.07.14"]
[Round "8"]
[White "Speelman, Jon S"]
[Black "Weitzer, Steffen"]
[Result "1-0"]
[WhiteElo "2493"]
[BlackElo "2288"]
[Annotator "ChessBase"]
[PlyCount "87"]
[EventDate "2018.07.07"]
[EventType "team-tourn"]
[EventCountry "GER"]
[SourceTitle "playchess.com"]
[Source "ChessBase"]
[SourceQuality "1"]
[TimeControl "40/5400+30:1800+30"]

1. Nf3 {[%emt 0:00:00]} f5 {[%emt 0:00:00]} 2. b4 {[%emt 0:00:19]} Nf6 {[%emt 0:00:46]} 3. Bb2 {[%emt 0:00:07]} e6 {[%emt 0:00:30]} 4. a3 {[%emt 0:00:05]} d5 {[%emt 0:01:26]} 5. e3 {[%emt 0:02:14]} Bd6 {[%emt 0:00:59]} 6. Be2 {[%emt 0:02:23]} O-O {[%emt 0:00:28]} 7. O-O {[%emt 0:01:51]} c6 {[%emt 0:03:02]} 8. c4 {[%emt 0:02:40]} Qe7 {[%emt 0:02:33]} 9. Ne5 {[%emt 0:01:15]} Nbd7 {[%emt 0:00:52]} 10. f4 {[%emt 0:01:13]} Bc7 {[%emt 0:02:43]} 11. c5 {[%emt 0:05:57]} g5 {[%emt 0:04:57]} 12. d3 {[%emt 0:02:22]} Qg7 {[%emt 0:07:19]} 13. Nd2 {[%emt 0:04:12]} Qh6 {[%emt 0:02:16]} 14. Rf2 {[%emt 0:10:41]} gxf4 {[%emt 0:08:05]} 15. exf4 {[%emt 0:00:18]} d4 {[%emt 0:12:28]} 16. Bxd4 {[%emt 0:03:05]} Nd5 {[%emt 0:01:43]} 17. Ndc4 {[%emt 0:02:56]} Nxf4 {[%emt 0:03:34]} 18. Bf1 {[%emt 0:02:23]} Ng6 {[%emt 0:01:10]} 19. Qe1 {[%emt 0:05:17]} Ndxe5 {[%emt 0:05:58]} 20. Nxe5 {[%emt 0:00:06]} Rd8 {[%emt 0:01:48]} 21. Bc3 {[%emt 0:00:19]} Ne7 {[%emt 0:04:25]} 22. Rf3 {[%emt 0:01:21]} Nd5 {[%emt 0:08:50]} 23. Rg3+ {[%emt 0:08:03]} Kf8 {[%emt 0:00:17]} 24. Rh3 {[%emt 0:00:45]} Qf4 {[%emt 0:05:12]} 25. Rxh7 {[%emt 0:00:40]} Bxe5 {[%emt 0:07:40]} 26. Bxe5 {[%emt 0:00:14]} Qg5 {[%emt 0:02:44]} 27. h4 {[%emt 0:02:05]} Qg6 {[%emt 0:01:30]} 28. Rh8+ {[%emt 0:00:56]} Ke7 {[%emt 0:00:29]} 29. h5 {[%emt 0:00:29]} Qg5 {[%emt 0:01:13]} 30. Rh7+ {[%emt 0:00:07]} Ke8 {[%emt 0:01:24]} 31. Rg7 {[%emt 0:00:41]} Qxh5 {[%emt 0:01:48]} 32. Qg3 {[%emt 0:00:04]} Qh6 {[%emt 0:03:23]} 33. Be2 {[%emt 0:02:57]} f4 {[%emt 0:01:48]} 34. Rg8+ {[%emt 0:00:50]} Kd7 {[%emt 0:00:23]} 35. Qg7+ {[%emt 0:00:13]} Qxg7 {[%emt 0:00:09]} 36. Rxg7+ {[%emt 0:00:03]} Ke8 {[%emt 0:02:05]} 37. Bh5+ {[%emt 0:01:08]} Kf8 {[%emt 0:00:02]} 38. Rh7 {[%emt 0:00:24]} Bd7 {[%emt 0:01:22]} 39. Rf1 {[%emt 0:00:42]} Be8 {[%emt 0:00:21]} 40. Bxe8 {[%emt 0:00:35]} Kxe8 {[%emt 0:00:57]} 41. Bxf4 {[%emt 0:30:05]} Nxf4 {[%emt 0:09:42]} 42. Rxf4 {[%emt 0:00:00]} a5 {[%emt 0:00:26]} 43. Rff7 {[%emt 0:00:00]} Rab8 {[%emt 0:01:50]} 44. Rc7 {[%emt 0:00:00]} 1-0

[Event "WTCC-50 2018"]
[Site "Radebeul"]
[Date "2018.07.14"]
[Round "8"]
[White "Levin, Felix"]
[Black "Ehlvest, Jaan"]
[Result "1/2-1/2"]
[WhiteElo "2466"]
[BlackElo "2536"]
[Annotator "RC"]
[PlyCount "35"]
[EventDate "2018.07.07"]
[EventType "team-tourn"]
[EventCountry "GER"]
[SourceTitle "playchess.com"]
[Source "ChessBase"]
[SourceQuality "1"]
[TimeControl "40/5400+30:1800+30"]

1. d4 {[%emt 0:00:00]} Nf6 {[%emt 0:00:00]} 2. Nf3 {[%emt 0:00:00]} d6 {[%emt 0:00:00]} 3. g3 {[%emt 0:02:07]} Nbd7 {[%emt 0:01:17]} 4. Bg2 {[%emt 0:07:42]} e5 {[%emt 0:01:37]} 5. dxe5 {[%emt 0:10:41]} dxe5 {[%emt 0:00:10]} 6. O-O {[%emt 0:00:05]} Bc5 {[%emt 0:00:52]} 7. Nc3 {[%emt 0:00:12]} O-O {[%emt 0:01:18]} 8. e4 {[%emt 0:01:43]} a5 {[%emt 0:03:32]} 9. Nh4 {[%emt 0:06:47]} a4 {[%emt 0:05:38]} 10. Rb1 {[%emt 0:05:44]} Re8 {[%emt 0:09:35]} 11. b3 {[%emt 0:04:04]} axb3 {[%emt 0:11:16]} 12. axb3 {[%emt 0:00:14]} Nf8 {[%emt 0:12:57]} 13. Nf5 {[%emt 0:20:02]} Ne6 {[%emt 0:07:22]} 14. b4 {[%emt 0:14:42]} Bf8 {[%emt 0:01:42]} 15. Qxd8 {[%emt 0:01:26]} Rxd8 {[%emt 0:04:12]} 16. Nd5 {[%emt 0:00:20]} Nxd5 {[%emt 0:04:54]} 17. exd5 {[%emt 0:00:06]} Nd4 {[%emt 0:00:07]} 18. Nxd4 1/2-1/2

[Event "WTCC-50 2018"]
[Site "Radebeul"]
[Date "2018.07.14"]
[Round "8"]
[White "Tischbierek, Raj"]
[Black "Dietze, Frank"]
[Result "1-0"]
[WhiteElo "2436"]
[BlackElo "2203"]
[Annotator "NA RC"]
[PlyCount "51"]
[EventDate "2018.07.07"]
[EventType "team-tourn"]
[EventCountry "GER"]
[SourceTitle "playchess.com"]
[Source "ChessBase"]
[SourceQuality "1"]
[TimeControl "40/5400+30:1800+30"]

1. e4 {[%emt 0:00:00]} c5 {[%emt 0:00:00]} 2. Nc3 {[%emt 0:00:00]} Nc6 {[%emt 0:00:10]} 3. Nge2 {[%emt 0:00:05]} g6 {[%emt 0:00:12]} 4. d4 {[%emt 0:00:06]} cxd4 {[%emt 0:00:07]} 5. Nxd4 {[%emt 0:00:02]} Bg7 {[%emt 0:00:14]} 6. Nb3 {[%emt 0:00:10]} Nf6 {[%emt 0:00:09]} 7. Be2 {[%emt 0:00:05]} O-O {[%emt 0:00:10]} 8. O-O {[%emt 0:00:06]} d6 {[%emt 0:00:05]} 9. Bg5 {[%emt 0:00:35]} Be6 {[%emt 0:00:06]} 10. Kh1 {[%emt 0:00:10]} Rc8 {[%emt 0:00:49]} 11. f4 {[%emt 0:00:31]} Na5 {[%emt 0:00:18] LiveBook: 50 Games} 12. f5 {[%emt 0:00:11]} Bc4 {[%emt 0:02:39]} 13. Bd3 {[%emt 0:00:06]} a6 {[%emt 0:01:58] B70: Sizilianisch (Drachen-Variante)} (13... b5 14. Qe2 b4 15. Nd1 Re8 16. Ne3 Bxd3 17. cxd3 Nc6 18. Qf2 Ne5 19. Qe2 a5 20. a4 bxa3 21. Rxa3 Nc6 {½-½ (65) Vasquez Schroder,R (2554)-Gonzalez Acosta,B (2461) Cochabamba 2013}) 14. Nd2 {[%emt 0:05:04]} b5 {[%emt 0:07:26]} 15. Qe1 {[%emt 0:01:52]} b4 {[%emt 0:01:50]} 16. Nd1 {[%emt 0:00:43]} Bxd3 {[%emt 0:01:11]} 17. cxd3 {[%emt 0:00:04]} Nc6 $146 {[%emt 0:00:05]} ({Vorgänger:} 17... Qb6 18. Nf3 Nc6 19. Qh4 Qb5 20. Nf2 Ne5 21. Nd4 {1-0 (35) Kotsur,P (2425)-Cseke,R (2260) Budapest 1993}) 18. Nf3 {[%emt 0:06:54]} Ne5 {[%emt 0:04:59]} 19. Nxe5 {[%emt 0:06:17]} dxe5 {[%emt 0:00:02]} 20. Rf3 {[%emt 0:00:38]} Qd6 {[%emt 0:02:58]} 21. Ne3 {[%emt 0:03:54]} Qd4 {[%emt 0:07:07]} 22. b3 {[%emt 0:09:56]} Rc3 {[%emt 0:08:55]} 23. Rd1 {[%emt 0:03:12]} Rd8 $16 {[%emt 0:16:42]} 24. h3 {[%emt 0:24:25]} Rd7 {[%emt 0:12:29]} 25. Nc4 {[%emt 0:02:46]} Nxe4 {[%emt 0:19:00]} 26. Be3 {[%emt 0:01:06]} 1-0

[Event "WTCC-50 2018"]
[Site "Radebeul"]
[Date "2018.07.14"]
[Round "8"]
[White "Hebden, Mark L"]
[Black "Schoeneberg, Manfred"]
[Result "1-0"]
[WhiteElo "2423"]
[BlackElo "2199"]
[Annotator "TA"]
[PlyCount "175"]
[EventDate "2018.07.07"]
[EventType "team-tourn"]
[EventCountry "GER"]
[SourceTitle "playchess.com"]
[Source "ChessBase"]
[SourceQuality "1"]

{[%evp 27,175,-5,-3,-8,-10,-22,0,0,0,0,41,29,44,50,137,143,125,70,70,78,78,80,87,33,20,23,33,0,0,0,5,-6,7,7,19,0,12,0,4,6,8,4,90,96,101,101,97,87,78,4,284,297,267,262,386,702,692,688,657,620,254,280,645,627,362,223,12825,12827,12831,12827,12831,12830,12832,12831,12829,12826,12825,12824,12830,12823,12829,12826,4862,11413,2680,4183,1788,1973,12830,12831,12835,12831,12831,12831,12831,12831,12832,12827,12828,12828,12832,12830,12830,12828,12829,12828,12829,12828,12566,1013,1628,1437,1087,916,12824,6514,12825,9493,1312,2379,2676,6510,8864,7111,2336,2110,2166,2153,1488,1360,12842,12842,12843,12843,12846,12846,12851,12851,12851,29980,12851,29982,29982,29983,29983,29984,29984,29985,29989,29986]} 1. d4 Nf6 2. Nf3 e6 3. e3 b6 4. Bd3 Bb7 5. O-O Be7 6. c4 O-O 7. Nc3 d5 8. cxd5 exd5 9. b3 Nbd7 10. Bb2 a6 11. Rc1 {E14: Queen's Indian: Classical Variation (4 e3)} (11. Ne5 Bd6 12. Ne2 Re8 13. f4 Ne4 14. Ng3 Nf8 15. Nxe4 dxe4 16. Bc4 Re7 17. Qh5 g6 18. Qh6 Bxe5 19. dxe5 b5 20. Rad1 Qe8 {1-0 (43) Nakamura,H (2780)-Topalov,V (2749) Saint Louis 2017}) 11... Bd6 12. Ne2 Re8 13. Ng3 g6 14. Qc2 Rc8 {LiveBook: 17 Games} 15. Rfd1 Qe7 16. Qe2 Ne4 17. Rc2 Ra8 18. Rdc1 {[#]} c5 $146 ({Predecessor:} 18... Rec8) 19. dxc5 Nexc5 20. Qd1 Ne4 (20... Nxd3 $14 21. Qxd3 f6) 21. Bxe4 $1 $16 dxe4 22. Nd4 (22. Rd2 $16 exf3 23. Rxd6) 22... Bxg3 $14 23. hxg3 {Threatens to win with Rc7.} Nc5 24. Ba3 {[%cal Ra3c5]} Rac8 25. Qg4 (25. Ne2 $16) 25... Qd7 26. Qxd7 Nxd7 27. Bd6 Rxc2 28. Rxc2 Rc8 29. Bc7 Bd5 30. g4 f6 31. Kf1 Kf7 32. Ke2 b5 33. f4 exf3+ 34. gxf3 Ne5 (34... Bb7 $11) 35. Bxe5 $1 $16 Rxc2+ 36. Nxc2 {aiming for Bg3.} fxe5 {[%mdl 4096] Endgame KB-KN} 37. e4 $1 {[%cal Re4d5]} Be6 38. g5 ({White should try} 38. Nb4 $1 $16) 38... Kg7 $2 {[%mdl 8192]} (38... a5 $1 $11 {and Black has nothing to worry.}) 39. Nb4 $1 $18 a5 40. Nc6 $1 {[%csl LRa5,LRe5]} a4 {[#]} (40... h5 {was called for.} 41. gxh6+ (41. Nxa5 Bd7 $16) (41. Nxe5 a4 $16) 41... Kxh6 42. Nxa5 (42. Nxe5 a4 $16) 42... Kg7) 41. bxa4 $1 bxa4 42. a3 h5 43. gxh6+ Kxh6 44. Nxe5 Kg5 $2 (44... g5 45. Kd3 Kg7) 45. Ke3 Kf6 46. Nd3 Bd7 $2 (46... Bf7 47. Nc5 Be8) 47. f4 Be8 48. Ne5 Ke6 49. Kd4 Kd6 50. Nc4+ Kc6 51. Nd2 Kd6 52. Nf3 Bc6 53. Ng5 Be8 54. Kc4 Bc6 55. Kb4 Be8 56. Nf3 Bc6 57. Nd2 Be8 58. Nc4+ Ke6 59. Kc5 Ke7 60. Ne5 Ke6 61. Nf3 Ke7 62. Kd5 Bf7+ 63. Ke5 Bb3 64. Nd4 Bd1 65. Nb5 Bb3 66. Nc3 Bc2 67. Nd5+ Kd7 68. Ne3 (68. Nb4 $142 Bb1 69. Na6) 68... Bd3 69. Kd5 Ke7 70. Nc4 Kf6 71. Ne5 Bc2 72. Nd7+ Ke7 73. Nc5 Bb3+ 74. Kd4 Bd1 75. e5 Bc2 76. Kc3 Bd1 77. Kd2 Bg4 78. Nxa4 g5 {[#]} 79. Ke3 $1 Ke6 80. Nc5+ Kf5 81. fxg5 Kxe5 82. a4 {[%cal Ba3a4,Ba4a5,Ba5a6][%mdl 32]} Bc8 83. a5 Kf5 84. Kd4 Kxg5 {White mates.} 85. Ke5 Kg6 86. Kd6 Bh3 87. a6 Kf7 88. Nb7 {Precision: White = 75%, Black = 36%.} 1-0

[Event "WTCC-50 2018"]
[Site "Radebeul"]
[Date "2018.07.14"]
[Round "8"]
[White "Leow, Leslie M"]
[Black "Engman, Rickard"]
[Result "1/2-1/2"]
[WhiteElo "2419"]
[BlackElo "2171"]
[Annotator "TA"]
[PlyCount "31"]
[EventDate "2018.07.07"]
[EventType "team-tourn"]
[EventCountry "GER"]
[SourceTitle "playchess.com"]
[Source "ChessBase"]
[SourceQuality "1"]

{[%evp 11,31,22,36,34,34,36,37,20,18,-27,-12,-12,-8,-18,-12,-30,0,-15,0,0,10,8]} 1. e4 e5 2. Nf3 Nc6 3. Bb5 a6 4. Bxc6 dxc6 5. O-O Be7 6. d3 {C68: Ruy Lopez: Exchange Variation, sidelines} (6. Nxe5 Qd4 7. Qh5 Be6 8. d3 Nf6 9. Nf3 Qxf2+ 10. Rxf2 Nxh5 11. Nd4 Nf6 12. h3 Nd7 13. Be3 Bh4 {½-½ (49) Volokitin,A (2640)-Lenic,L (2625) Austria 2016}) 6... Qd6 {LiveBook: 5 Games} 7. Nbd2 Be6 8. b3 {White is slightly better.} f6 9. Nc4 Qd7 10. Ne1 $146 ({Predecessor:} 10. Be3 O-O-O 11. Qe1 g5 12. Qc3 h5 13. b4 h4 14. b5 Bxc4 15. dxc4 cxb5 16. cxb5 Qxb5 {½-½ (35) Breder,D (2441)-Butnorius,A (2449) Budapest 2002}) 10... Bc5 11. Be3 Bxe3 12. Nxe3 Ne7 13. Qd2 O-O 14. f4 {The position is equal.} exf4 15. Rxf4 f5 16. exf5 1/2-1/2